Milchwirtschaftliche Betriebslehre. Erster Teil, Milchwirtschafts- und Molkereibetrieb /

Hlavní autor: Albrecht, Hans
Další autoři: Bauer, Hans, Bentz, F., Bünger, H., Frahm, J., Hofmann, E., Popp, M., Quast, H., Wittwer, M., Zeiler, K.
Jazyk: Němčina
Vydáno: Wien : Verlag von Julius Springer, 1935
Edice: Handbuch der Milchwirtschaft
Témata:
Fyzický popis: viii, 316 stran : ilustrace ; 25 cm
Knihy
Uloženo v:
LEADER 01808nam a22005057i 4500
001 001877195
003 CZ BrMZK
005 20231121091446.0
007 ta
008 231121s1935 au er|||||||||||ger d
040 |a ABA009  |b cze  |d BOA001  |e rda 
072 7 |a 637  |x Živočišné produkty  |2 Konspekt  |9 24 
080 |a 637.1  |2 MRF 
100 1 |a Albrecht, Hans  |4 aut 
245 1 0 |a Milchwirtschaftliche Betriebslehre.  |n Erster Teil,  |p Milchwirtschafts- und Molkereibetrieb /  |c bearbeitet von G. Albrecht, H. Bauer, F. Bentz, H. Bünger, J. Frahm, E. Hofmann, M. Popp, H. Quast, M. Wittwer, K. Zeiler 
246 3 0 |a Milchwirtschafts- und Molkereibetrieb 
264 1 |a Wien :  |b Verlag von Julius Springer,  |c 1935 
300 |a viii, 316 stran :  |b ilustrace ;  |c 25 cm 
336 |a text  |b txt  |2 rdacontent 
337 |a bez média  |b n  |2 rdamedia 
338 |a svazek  |b nc  |2 rdacarrier 
490 1 |a Handbuch der Milchwirtschaft ;  |v Dritter Band, Erster Teil 
500 |a Mit 15 Abbildungen 
504 |a Obsahuje bibliografii a rejstřík 
650 0 7 |a mlékárenský průmysl  |2 czenas 
650 0 7 |a mlékařství  |2 czenas 
650 0 7 |a mlékárny  |2 czenas 
650 0 7 |a farmy mléčné  |2 czenas 
650 0 7 |a mléčný skot  |2 czenas 
650 0 7 |a chov skotu  |2 czenas 
655 7 |a příručky  |7 fd133209  |2 czenas 
700 1 |a Bauer, Hans  |4 aut 
700 1 |a Bentz, F.  |4 aut 
700 1 |a Bünger, H.  |4 aut 
700 1 |a Frahm, J.  |4 aut 
700 1 |a Hofmann, E.  |4 aut 
700 1 |a Popp, M.  |4 aut 
700 1 |a Quast, H.  |4 aut 
700 1 |a Wittwer, M.  |4 aut 
700 1 |a Zeiler, K.  |4 aut 
830 0 |a Handbuch der Milchwirtschaft 
910 |a BOA001  |b 2-0217.773,3/1 
990 |a BK 
991 |b 202311 
996 7 |b 2618758414  |c 2-0217.773,3/1  |l MZK  |r Sklad / do 24 hodin  |n 0  |w 001944840  |u 000010  |a 1  |e BOA001  |j MZK50  |s A